000 00698nmm a2200253 a 4500
003 AR-X00000XY
005 20251128211946.0
008 307020s1998 ||||||||||||||000 | spa||
020 _a0-582-29896-2
040 _cAR-X00000XY
100 1 _aGerngross, Günter
245 1 0 _aDo and understand
_b50 action stories for young learners
246 1 _aDo and understand
_bfifty action stories for young learners
260 _aHarlow
_bLongman
_c1998
300 0 _a125 p.
_bil.
500 0 _aNivel elemental
650 4 _aENSENANZA DE IDIOMAS
650 4 _aINGLES
650 4 _aEJERCICIOS DE APRENDIZAJE
650 4 _aLECTURA
700 1 _aPuchta, Herbert
942 _cBK
998 _cNancy
999 _c21802
_d21802